[Event "Helsingor sim"]
[Site "Helsingor"]
[Date "2011.08.01"]
[Round "?"]
[White "Hansen, Sune Berg"]
[Black "Hald, Morten Hansen"]
[Result "1-0"]
[WhiteElo "2574"]
[BlackElo "1829"]
[PlyCount "57"]
[EventDate "2011.08.01"]
[EventType "simul"]
[EventRounds "1"]
[EventCountry "DEN"]
[SourceTitle "CBM 143 Extra"]
[Source "ChessBase"]
[SourceDate "2011.08.29"]
[SourceVersion "1"]
[SourceVersionDate "2011.08.29"]
[SourceQuality "1"]

1. e4 e5 2. Nf3 Nc6 3. Bc4 Nf6 4. d3 Be7 5. 0-0 0-0 6. Bb3 d5 7. exd5 Nxd5 8. h3 h6 9. Re1 Bf6 10. Nbd2 Nf4 11. Ne4 Be7 12. d4 Ng6 13. c3 exd4 14. cxd4 Na5 15. Bc2 Be6 16. Nc3 c6 17. Bxg6 Qd7 18. Bc2 Rae8 19. Ne5 Qc8 20. Qd3 f5 21. Ng6 Rf7 22. Bf4 Bc4 23. Qg3 Kh7 24. Nxe7 Rexe7 25. b4 Qe8 26. Be5 Rf6 27. bxa5 Kh8 28. Kh2 Rg6 29. Qf4 1-0

[Event "Koge Bugt Winter"]
[Site "Solrod"]
[Date "2011.03.09"]
[Round "6"]
[White "Hald, Morten Hansen"]
[Black "Nielsen, Jan Mose"]
[Result "0-1"]
[WhiteElo "1450"]
[BlackElo "2118"]
[PlyCount "68"]
[EventDate "2011.01.12"]
[EventType "swiss"]
[EventRounds "7"]
[EventCountry "DEN"]
[SourceTitle "EXT 2023"]
[Source "ChessBase"]
[SourceDate "2022.10.05"]
[SourceVersion "1"]
[SourceVersionDate "2022.10.05"]
[SourceQuality "1"]

1. d4 d5 2. Nc3 c5 3. Nf3 Nc6 4. e3 Bg4 5. Be2 Nf6 6. Ne5 Bxe2 7. Qxe2 cxd4 8. Nxc6 bxc6 9. exd4 Qb6 10. Qe3 e6 11. Ne2 Bd6 12. b3 0-0 13. h4 h5 14. Qf3 Ng4 15. Bf4 e5 16. dxe5 Bc5 17. 0-0 f6 18. e6 Rae8 19. Nc3 Bd4 20. Rae1 Be5 21. Bg3 g6 22. Qd3 Kh7 23. Kh1 Qc7 24. Bxe5 fxe5 25. Qg3 Rxe6 26. f3 Nh6 27. Ne2 Qa5 28. f4 exf4 29. Nxf4 Rxf4 30. Qxf4 Rxe1 31. Kh2 Rxf1 32. Qxf1 Qc7+ 33. Kh1 Nf5 34. Qe1 Ng3+ 0-1

[Event "Koge Bugt Winter"]
[Site "Solrod"]
[Date "2011.02.16"]
[Round "4"]
[White "Ambirk, Jan Robert"]
[Black "Hald, Morten Hansen"]
[Result "0-1"]
[WhiteElo "1782"]
[BlackElo "1450"]
[PlyCount "146"]
[EventDate "2011.01.12"]
[EventType "swiss"]
[EventRounds "7"]
[EventCountry "DEN"]
[SourceTitle "EXT 2023"]
[Source "ChessBase"]
[SourceDate "2022.10.05"]
[SourceVersion "1"]
[SourceVersionDate "2022.10.05"]
[SourceQuality "1"]

1. e4 e5 2. Nf3 Nc6 3. c3 Nf6 4. d4 Nxe4 5. d5 Ne7 6. Nxe5 Ng6 7. Qd4 Qf6 8. f4 Qh4+ 9. Kd1 Nf2+ 10. Kc2 Nxh1 11. Nd3 Qxh2 12. f5 Qh4 13. Qe3+ Qe7 14. Qh3 d6 15. Bd2 Ne5 16. Na3 Bd7 17. Re1 0-0-0 18. Qe3 Nxd3 19. Qxa7 Nxe1+ 20. Bxe1 Qe4+ 21. Kb3 Ba4+ 22. Qxa4 Qxe1 23. Qa8+ Kd7 24. Bb5+ Ke7 25. Qxb7 Kf6 26. Qxc7 Be7 27. Qc4 Rb8 28. Qd4+ Kxf5 29. g4+ Kg6 30. Qd3+ Kh6 31. Qf5 Qd1+ 32. Kb4 Bg5 33. Qxf7 Qxg4+ 34. c4 Bd2+ 35. Kb3 Qg6 36. Qf1 Ng3 37. Qh3+ Nh5 38. Nc2 Qg3+ 39. Qxg3 Nxg3 40. Nd4 Be3 41. Ne6 g5 42. a4 Ne4 43. Kc2 g4 44. Kd3 Nc5+ 45. Kxe3 Nxe6 46. dxe6 Rb7 47. Bd7 Rxb2 48. Kf4 Kh5 49. e7 Re2 50. Bxg4+ Kg6 51. Bxe2 Kf7 52. Kg5 Kxe7 53. Kh6 Ra8 54. Bd1 Rc8 55. Be2 Rb8 56. Kxh7 Rb2 57. Bf3 Rb4 58. Bd5 Rxa4 59. Kg6 Ra1 60. Kf5 Re1 61. Kf4 Kd8 62. Kf5 Kc7 63. Kf4 Kb6 64. Kf5 Kc5 65. Kf6 Re5 66. Bg8 Re4 67. Kf5 Rxc4 68. Bxc4 Kxc4 69. Ke4 d5+ 70. Ke3 Kc3 71. Ke2 d4 72. Kd1 Kd3 73. Ke1 Kc2 0-1